000 01408cgm a22002535a 4500
005 20220316235838.0
008 021118s2002 ck 026 g s vuspa
041 0 _aspa
082 0 4 _a578.7698
_bG25
245 0 3 _aLa gente de los manglares
_hvideograbación
250 _aPrimera edición
300 _a1 videocasete (apróximadamente 26 minutos)
_bsonido, color
490 0 _aExpediciones por Colombia
520 3 _aA lo largo de las costas del Pacífico colombiano toda la comunidad de raíces africanas teje su vida alrededor de los manglares, esos magníficos y hermosos bosques anfibios que crecen a la orilla del mar y albergan una flora y fauna excepcional. Perezosos, pelícanos, tucanes, una gran variedad de aves y animales marinos conviven en el manglar al ritmo de las mareas que suben y bajan, y que derterminan la existencia de los hombres. Descubra la belleza única de nuestro país en estos mágicos parajes.
650 1 4 _aConservación de la vida silvestre
_zColombia
_vVideocasetes
_2LEMB
650 1 4 _aEcosistemas
_zColombia
_vVideocasetes
_2LEMB
650 1 4 _aFauna
_zColombia
_vVideocasetes
_2LEMB
942 _2ddc
_cVIDEOCASET
264 _aBogotá
_bFernando Riaño Producciones Imágenes de la Naturaleza
_c2002
336 _atexto
_btxt
_2rdacontent
337 _asin mediación
_bn
_2rdamedia
338 _avolumen
_bnc
_2rdacarrier
040 _aCO-BoRNBP
_bspa
_erda
_cCO-BoRNBP
999 _c2356
_d2356